000 00433nam a2200181Ia 4500
001 24328
005 20260414151036.0
008 260414t2022||||xx |||||||||||||| ||spa||
041 _aESP
082 _a345.3
_bM26 V. 1
100 _aMarinoni, Luiz Guilherme
_eAUT
245 0 _aPrueba :
_bteoría general
260 _c2022
300 _a527 páginas :
_c20 cm.
650 _aDER
654 _aCDE
942 _cLIB
_dJUS
_fJUS
_2ddc
_n
999 _c24328
_d24328